000 01109 a2200241 4500
005 20080910143229.0
008 080910t xxu||||| |||| 00| 0hin d
010 _aHIN-79487
020 _a8181661222
_c150.00
035 _aHN-51833
037 _bD.B.Act / pub
082 _a
100 _aसुषमा प्रियदर्शिनी
245 _aवक्त लौटेगा क्या
_cसुषमा प्रियदर्शिनी
246 _aWaqt lautega kya
_bby Sushama Priyadarshini
260 _aदिल्ली
_bमेधा बुक्स
_c2006
270 _aएक्स-11, नवीन शाहदरा
_bदिल्ली
_e110032
_k22323672
_mmedhabooks@rediffmail.com
300 _a136पृ
_c22 सेमी (सजिल्द)
650 _aहिन्दी कहानियाँ
650 _aHindi Stories
942 _adpl
_cHN
_kक / सुषमा
_2ddc
_h
_mसुषमा
999 _c2839
_d2839